STN ISO 3780: 2013 (30 0171), Cestné vozidlá. Svetový kód výrobcov (WMI)

Táto norma obsahuje slovenskú verziu ISO 3780: 2009 vrátane ISO 3780: 2009/Cor. 1: 2010

Bibliographic Details
Corporate Author: INFOVUSAM (Zvolen, Slovensko) (Translator)
Other Authors: Volčková, Antónia (Translator)
Format: Software Book
Language:Slovak
English
PhysicalDescription:1 elektronický optický disk (CD-ROM) čb. 12 cm
Published: Bratislava Slovenský ústav technickej normalizácie 2013
Subjects:

MARC

LEADER 00000nam a2200000 a 4500
001 vtls010527085
003 SK-MaSNL
005 20260301174424.0
007 co ggu auuua
008 130712s2013 xo ka f u 000 0 slo
020 |c (cen. skup. 3) 
040 |a SNK  |b slo  |c SNK  |e AACR2 
041 0 |a slo  |h eng 
044 |a xo  |c SK 
046 |a s  |m 201307 (účin.) 
072 7 |a 629  |x Dopravné prostriedky  |2 konspekt 
080 |a 629.33  |2 2001 
084 |a ICS 43.020  |2 ICS 
130 0 |a STN 30 0171: 2013 (STN ISO 3780)  |9 546780 
245 1 0 |a STN ISO 3780: 2013 (30 0171), Cestné vozidlá. Svetový kód výrobcov (WMI)  |h elektronický zdroj [CD-ROM] 
246 1 0 |a Cestné vozidlá 
246 3 |a ISO 3780: 2009 
246 1 0 |a Svetový kód výrobcov (WMI) 
260 |a Bratislava  |b Slovenský ústav technickej normalizácie  |c 2013 
300 |a 1 elektronický optický disk (CD-ROM)  |b čb.  |c 12 cm 
500 |a Spracovateľ: Infovusam Zvolen, Antónia Volčková 
504 |a Literatúra s. 10 
516 |a Textové informácie (technické normy) 
520 8 |a Táto norma obsahuje slovenskú verziu ISO 3780: 2009 vrátane ISO 3780: 2009/Cor. 1: 2010 
538 |a Technické požiadavky: MS Windows 95/98/2000/XP, Acrobat Reader 5.0 
540 |a STN vydané na akomkoľvek nosiči sa môžu rozmnožovať a rozširovať iba so súhlasom určenej právnickej osoby  |b SÚTN Bratislava  |c zákon 264/1999 Z.z. 
650 0 7 |a cestné vozidlá  |2 SNKPH  |9 66632 
650 0 7 |a Road vehicles  |2 SNKPHeng  |9 293477 
650 0 7 |a technické normy a štandardy  |z Slovensko  |2 SNKPH  |9 79594 
650 0 7 |a technické normy a štandardy  |z krajiny Európskej únie  |2 SNKPH  |9 289341 
655 7 |a normy  |2 SNKPH  |9 70643 
655 7 |a elektronické dokumenty  |2 SNKPH  |9 70518 
700 1 |a Volčková, Antónia  |4 trl  |9 321902 
710 2 |a Slovenský ústav technickej normalizácie (Bratislava, Slovensko).  |b Technická komisia č. 33 Cestné vozidlá  |4 stn  |9 313883 
710 2 |a INFOVUSAM (Zvolen, Slovensko)  |4 trl  |9 298995 
852 |a Štátna vedecká knižnica v Banskej Bystrici 
999 |c 839639  |d 841569 
952 |a SNK  |b SNK  |y PREZ  |7 0  |p 17A1089992  |o snkSTN ISO 3780  |i snk2013/20989  |8 0  |0 0  |1 0  |4 0  |d 2013-09-11  |l 0  |r 2026-02-24 04:06:57  |w 2026-02-24 
952 |a SNK  |b SNK  |y PREZ  |7 0  |p 17A1089993  |o snkSTN ISO 3780 D1  |i snk2013/20990  |8 0  |0 0  |1 0  |4 0  |d 2013-09-11  |l 0  |r 2026-02-24 04:06:57  |w 2026-02-24